000 00619nam a22001937a 4500
005 20180829104707.0
010 _aENG-123880
020 _c395.00
_a9788129148858
035 _aEN-107412
037 _bDBAD/PUB
082 _a301.153
100 _aBandyopadhyay, Kausik
245 _aMahatma on the pitch:
_cby Kausik Bandyopadhyay
_bgandhi & cricket in india /
260 _c2017
_aNew Delhi
_bRupa Publications
270 _a7/16, Ansari Road, Daryaganj,
_bNew Delhi
_e110002
300 _c22cm(Hb.)
_axvi,184p.
500 _aIt includes bibliography and index
942 _cEN
_2ddc
_mBAN
_h301.153
999 _c156502
_d156502